01178nab a22002177a 4500003000400000005001700004008004100021040000700062100002900069245009000098260007300188300001300261500007500274505029000349505008900639650002900728650002100757650002500778650002500803773013200828OSt20251226211932.0190603e xxum|||| |||| 00| 0 spa d cPJ aFurundarena, Mariano D. 13aEl juicio ejecutivo y los títulos ejecutivos electrónicos/cMariano Furundarena.  cCiudad Autónoma de Buenos Aires :aThomson Reuters La Ley, b2025. ap. 10-20 aCita: TR LALEY AR/DOC/1052/2025 Publicado en: RCCyC 2025 (junio) , 5. a Sumario: I. Introducción.— II. El juicio ejecutivo y el título ejecutivo.— III. Título ejecutivo electrónico.— IV. Ejecución de títulos ejecutivos electrónicos.— V. La ejecución de títulos ejecutivos electrónicos en la jurisprudencia.— VI. Conclusión.  t¿Te interesa el texto completo? Solicitalo al correo: koha@justierradelfuego.gov.ar 0aCODIGO CIVIL Y COMERCIAL 0aJUICIO EJECUTIVO 0aTÍTULOS EJECUTIVOS 0aCOMERCIO ELECTRONICO0 02713dCiudad Autónoma de Buenos Aires : Thomson Reuters La Ley, 2015-tRevista Código Civil y Comercial. Nº 3 - Junio 2025